书目信息 |
| 题名: |
黄帝内经
|
|
| 作者: | 姚春鹏 译注 | |
| 分册: | ||
| 出版信息: | 北京 中华书局 2016 |
|
| 页数: | 424页 | |
| 开本: | 21cm | |
| 丛书名: | ||
| 单 册: | ||
| 中图分类: | R221.02 , R221 | |
| 科图分类: | ||
| 主题词: | ||
| 电子资源: | ||
| ISBN: | 978-7-101-11569-7 | |
| 000 | 00796nam0 2200253 450 | |
| 001 | 2839 | |
| 005 | 20161206090337.45 | |
| 010 | @a978-7-101-11569-7@dCNY28.00 | |
| 100 | @a20160523d2016 em y0chiy50 ea | |
| 101 | 0 | @achi |
| 102 | @aCN@b110000 | |
| 105 | @ay z 000yy | |
| 200 | 1 | @a黄帝内经@9huang di nei jing@f姚春鹏译注 |
| 210 | @a北京@c中华书局@d2016 | |
| 215 | @a424页@d21cm | |
| 300 | @a中华经典藏书 | |
| 330 | @a本书选取了《黄帝内经》中能反映中医学术思想特点的篇章和段落加以注译,而对于比较具体地论述疾病或理论内容深奥的部分则略去。 | |
| 605 | @a《内经》@x注释 | |
| 605 | @a《内经》@x译文 | |
| 690 | @aR221.02@v5 | |
| 690 | @aR221@v4 | |
| 701 | 0 | @a姚春鹏@9yao chun peng@f(1964~)@4译注 |
| 801 | 0 | @aCN@b大连网信软件有限公司图书馆·11@c20161206 |
| 905 | @aZUCC@dR221.02@e364 | |
| 黄帝内经/姚春鹏译注.-北京:中华书局,2016 |
| 424页;21cm |
| 中华经典藏书 |
| ISBN 978-7-101-11569-7:CNY28.00 |
| 本书选取了《黄帝内经》中能反映中医学术思想特点的篇章和段落加以注译,而对于比较具体地论述疾病或理论内容深奥的部分则略去。 |
| ● |
| 相关链接 |
|
|
|
|
正题名:黄帝内经
索取号:R221.02/364
 
预约/预借
| 序号 | 登录号 | 条形码 | 馆藏地/架位号 | 状态 | 备注 |
| 1 | 911719 | 209117196 | 第二样本阅览室/ [索取号:R221.02/364] | 在馆 | |
| 2 | 911720 | 209117203 | 第三借阅区/ [索取号:R221.02/364] | 在馆 | |
| 3 | 911721 | 209117212 | 第三借阅区/ [索取号:R221.02/364] | 在馆 | |
| 4 | 911722 | 209117221 | 第三借阅区/ [索取号:R221.02/364] | 在馆 | |
| 5 | 911723 | 209117230 | 第三借阅区/ [索取号:R221.02/364] | 在馆 |